|
|
|
|
| LEADER |
00000cam a2200000 7i4500 |
| 001 |
0000027246 |
| 005 |
20091020.0 |
| 008 |
090824 |
| 020 |
|
|
|a 9838380873
|
| 090 |
0 |
0 |
|a 297.1228
|b HIM
|
| 245 |
1 |
0 |
|a Himpunan kisah-kisah teladan 6
|
| 250 |
|
|
|a Book 6
|
| 260 |
|
|
|a Kuala Lumpur :
|b Syarikat Nurulhas ,
|c 2002
|
| 650 |
|
0 |
|a Islamic stories, Malay
|
| 650 |
|
0 |
|a Koran stories, Malay
|
| 999 |
|
|
|a 0001058655
|b Book
|c Adult Collection
|e Perbadanan Perpustakaan Awam Johor
|
| 999 |
|
|
|a 0001058656
|b Book
|c Adult Collection
|e Perbadanan Perpustakaan Awam Johor
|
| 999 |
|
|
|a 0001058657
|b Book
|c Adult Collection
|e Perbadanan Perpustakaan Awam Johor
|
| 999 |
|
|
|a 0001058658
|b Book
|c Adult Collection
|e Perbadanan Perpustakaan Awam Johor
|